Visualizzazione normale
Vista MARC
- Devienne Francois
di Personal Name
Records bibliografici associati: 1
001 - CONTROL NUMBER
- control field: 5879
003 - CONTROL NUMBER IDENTIFIER
- control field: IT-RoPau
005 - DATE AND TIME OF LATEST TRANSACTION
- control field: 20131217222758.0
008 - FIXED-LENGTH DATA ELEMENTS
- fixed length control field: 131217|| aca||aabn | a|a d
040 ## - CATALOGING SOURCE
- Original cataloging agency: IT-RoPau
- Transcribing agency: IT-RoPau
100 ## - HEADING--PERSONAL NAME
- Personal name: Devienne Francois
- Dates associated with a name: Codice autore musica SPICS: 8017
- Relator term: Autore musica
- Name of part/section of a work: Gracioso dalla sonata II in do maggiore per flauto e clavicembalo
670 ## - SOURCE DATA FOUND
- Source citation: Work cat.: (IT-RoPau)103436: AA.VV. 794, Capolavori ritrovati (Lp Arion Sarn 101)